000 00279nam a2200097Ia 4500
005 20251222114410.0
008 251222s1900||||xx |||||||||||||| ||spa||
082 _aDVD0010/R47/1991
245 0 _aRobín Hood: el príncipe de los ladrones.:Robín Hood: Prince of Trieves.
942 _cDVD
999 _c1993
_d1993